Animal behavior Mechanisms, ecology, evolution
Includes bibliographical references (p. 350-391) and indexes.
Guardat en:
| Autor principal: | |
|---|---|
| Altres autors: | |
| Format: | Llibre |
| Idioma: | Undetermined |
| Publicat: |
Boston
McGraw-Hill
2002
|
| Matèries: | |
| Accés en línia: | http://lrc.tdmu.edu.vn/opac/search/detail.asp?aID=2&ID=22650 |
| Etiquetes: |
Afegir etiqueta
Sense etiquetes, Sigues el primer a etiquetar aquest registre!
|
| Thư viện lưu trữ: | Trung tâm Học liệu Trường Đại học Thủ Dầu Một |
|---|
| LEADER | 00770nam a2200229Ia 4500 | ||
|---|---|---|---|
| 001 | TDMU_22650 | ||
| 008 | 210410s9999 xx 000 0 und d | ||
| 082 | |a 591.5 | ||
| 090 | |b DR302 | ||
| 100 | |a Drickamer, Lee C | ||
| 245 | 0 | |a Animal behavior | |
| 245 | 0 | |b Mechanisms, ecology, evolution | |
| 245 | 0 | |c Lee C. Drikamer, Steven H. Vessey, Elizabeth M. Jakob | |
| 260 | |a Boston | ||
| 260 | |b McGraw-Hill | ||
| 260 | |c 2002 | ||
| 300 | |a 422p. | ||
| 520 | |a Includes bibliographical references (p. 350-391) and indexes. | ||
| 650 | |a Animal |x Behavior; Động vật |x Tập tính | ||
| 700 | |a Vessey, Stephen H | ||
| 856 | |u http://lrc.tdmu.edu.vn/opac/search/detail.asp?aID=2&ID=22650 | ||
| 980 | |a Trung tâm Học liệu Trường Đại học Thủ Dầu Một | ||